000 01600cam3a220031301 4500
001 lce01790973
008 850131s1983 ja a b f001 0 eng
010 _a 84164800
020 _cY5000
035 _a(Sirsi) r59569
035 _a(DLC) 84164800
035 _a(UPRA)lce01790973
040 _dUPRA
043 _aa-ja--- as----- n-us---
_aa-ja--- as----- n-us---
_aa-ja--- as----- n-us---
050 0 _aTD313.S6
_bW28 1983
082 0 _a363.7/394/095
_219
245 0 0 _aWater management and environmental protection in Asia and the Pacific /
_cedited by Ichiro Kato ... [et al.].
260 _a[Tokyo] :
_bUniversity of Tokyo Press,
_cc1983.
504 _aIncludes bibliographies and index.
650 0 _aWater -- Pollution -- Asia, Southeastern.
_xWater -- Pollution -- Asia, Southeastern.
_zWater -- Pollution -- Asia, Southeastern.
_6S13615.1
650 0 _aWater -- Pollution -- Japan.
_xWater -- Pollution -- Japan.
_zWater -- Pollution -- Japan.
_6S13616.1
650 0 _aWater -- Pollution -- United States.
_xWater -- Pollution -- United States.
_zWater -- Pollution -- United States.
_6S13563.1
650 0 _aEnvironmental protection -- Asia, Southeastern.
_zEnvironmental protection -- Asia, Southeastern.
_6S13617.1
650 0 _aEnvironmental protection -- Japan.
_zEnvironmental protection -- Japan.
_6S13618.1
650 0 _aEnvironmental protection -- United States.
_zEnvironmental protection -- United States.
_6S13619.1
700 1 _aKato, Ichiro, 1922-
_dKato, Ichiro, 1922-
_6A18918.1
949 _aTD313.S6
_wlcc
_i33729001895445
_mMAIN
_p2500
_tBOOK
_lON-SHELF
004 59569
999 _c158851
_d158851